[Event "4NCL/Div2b/CELT1 vs. SWD2"]
[Site "Sunningdale ENG"]
[Date "2009.01.18"]
[Round "6.7"]
[White "Josse, Mark"]
[Black "van Kemenade, Rudy"]
[Result "1-0"]
[WhiteElo "2033"]
[BlackElo "2020"]
[PlyCount "119"]
[EventDate "2009.01.18"]
[SourceDate "2008.10.04"]

1. e4 e5 2. Nf3 Nf6 3. Nxe5 d6 4. Nf3 Nxe4 5. Nc3 Nf6 6. d4 Be7 7. Bd3 O-O 8.
h3 c5 9. O-O Nc6 10. a3 d5 11. dxc5 Bxc5 12. Bg5 Be6 13. Qd2 h6 14. Bh4 Be7 15.
Rad1 Nh5 16. Bxe7 Qxe7 17. Rfe1 Qf6 18. Be2 Nf4 19. Kh2 Rad8 20. Ng1 d4 21. Ne4
Qe5 22. Ng3 g5 23. Bf1 Qc7 24. N1e2 Ng6 25. Kh1 Qb6 26. b4 d3 27. Nc3 dxc2 28.
Qxc2 Nd4 29. Qb2 Nf4 30. Na4 Qc6 31. Rxd4 Qxa4 32. Rxd8 Rxd8 33. Qf6 Rd2 34.
Qxh6 Rxf2 35. Qxg5+ Kf8 36. Qd8+ Qe8 37. Qd4 Nxh3 38. Qh8+ Ke7 39. Qxe8+ Kxe8
40. gxh3 Rf3 41. Ne4 Rxa3 42. Nc5 b6 43. Nxe6 fxe6 44. Rxe6+ Kf7 45. Rc6 b5 46.
Bxb5 Rxh3+ 47. Kg2 Ra3 48. Ra6 Rxa6 49. Bxa6 Ke7 50. Kf3 Kd6 51. Ke4 Kc6 52.
Bf1 Kb6 53. Kd4 Kc6 54. Be2 Kb6 55. b5 a6 56. bxa6 Ka7 57. Kc5 Kb8 58. Kb6 Ka8
59. Bf3+ Kb8 60. a7+ 1-0

[Event "4NCL/Div2b/CELT1 vs. SWD2"]
[Site "Sunningdale ENG"]
[Date "2009.01.18"]
[Round "6.8"]
[White "Wilson, Julie"]
[Black "Owens, Megan"]
[Result "1/2-1/2"]
[WhiteElo "1916"]
[BlackElo "1735"]
[PlyCount "51"]
[EventDate "2009.01.18"]
[SourceDate "2008.10.04"]

1. d4 Nf6 2. c4 g6 3. Nc3 d5 4. cxd5 Nxd5 5. e4 Nxc3 6. bxc3 c5 7. Be3 Bg7 8.
Rb1 O-O 9. Nf3 Nc6 10. Be2 cxd4 11. cxd4 Qa5+ 12. Qd2 Qxd2+ 13. Kxd2 Rd8 14.
Kc3 Bg4 15. Rxb7 Bxf3 16. Bxf3 Nxd4 17. Kc4 Rac8+ 18. Kb4 Nc2+ 19. Kb5 Nxe3 20.
fxe3 Rd2 21. a4 Bh6 22. Rd1 Rb2+ 23. Ka6 Rc6+ 24. Kxa7 Bxe3+ 25. Kb8 Bf4+ 26.
Ka7 1/2-1/2

[Event "4NCL/Div2b/WES1 vs. CELT1"]
[Site "Hinckley Island ENG"]
[Date "2009.03.21"]
[Round "7.1"]
[White "Simons, Martin J"]
[Black "Wippermann, Till"]
[Result "1-0"]
[WhiteElo "2223"]
[BlackElo "2456"]
[PlyCount "113"]
[EventDate "2009.03.21"]
[SourceDate "2008.10.04"]

1. d4 Nf6 2. Nc3 d5 3. e4 dxe4 4. f3 exf3 5. Nxf3 Bf5 6. Ne5 e6 7. g4 Bg6 8.
Qf3 c6 9. g5 Nfd7 10. Nxg6 hxg6 11. Bd3 Bd6 12. Ne4 Qc7 13. Bd2 Na6 14. a3 Be7
15. O-O-O Qb6 16. Rhf1 Rf8 17. Bf4 c5 18. Bxa6 Qxa6 19. dxc5 Qc6 20. Rd6 Bxd6
21. Bxd6 f5 22. gxf6 Nxf6 23. Bxf8 Qxe4 24. Bxg7 Qxf3 25. Rxf3 Nd7 26. b4 Ke7
27. Bh6 e5 28. Rd3 Rc8 29. Bg5+ Ke8 30. Rh3 Rc6 31. Rh8+ Kf7 32. Rh7+ Ke8 33.
Re7+ Kd8 34. Rxe5+ Kc7 35. Rd5 Re6 36. Rd6 Rxd6 37. Bf4 Kc6 38. cxd6 b5 39. Kb2
Kd5 40. Kb3 a6 41. a4 Nb6 42. a5 Nd7 43. c4+ bxc4+ 44. Kc3 Nf6 45. b5 axb5 46.
a6 Kc6 47. a7 Kb7 48. Be5 Nd5+ 49. Kb2 c3+ 50. Kb3 c2 51. Kxc2 Kxa7 52. d7 Nb4+
53. Kb3 Nc6 54. Bf6 Kb6 55. d8=Q+ Nxd8 56. Bxd8+ Kc5 57. Be7+ 1-0

[Event "4NCL/Div2b/WES1 vs. CELT1"]
[Site "Hinckley Island ENG"]
[Date "2009.03.21"]
[Round "7.2"]
[White "Maciol, Ryszard"]
[Black "Rutter, Nicholas"]
[Result "0-1"]
[WhiteElo "2248"]
[BlackElo "2187"]
[PlyCount "75"]
[EventDate "2009.03.21"]
[SourceDate "2008.10.04"]

1. d4 d5 2. c4 c6 3. Nf3 Nf6 4. Nc3 e6 5. cxd5 exd5 6. Qc2 Be7 7. Bg5 O-O 8. e3
Nbd7 9. Bd3 Re8 10. Ne5 Nf8 11. O-O-O Ng4 12. Bf4 Nxe5 13. Bxe5 Bd6 14. Bxd6
Qxd6 15. Kb1 Bg4 16. f3 Bh5 17. Rhe1 Bg6 18. g3 Bxd3 19. Qxd3 Qh6 20. Re2 Rad8
21. e4 Qg6 22. e5 Qxd3+ 23. Rxd3 Ne6 24. f4 g6 25. Rf2 b6 26. h4 Nc7 27. g4 Kg7
28. h5 c5 29. Ne2 Ne6 30. a3 Rd7 31. Rh3 cxd4 32. hxg6 fxg6 33. f5 Ng5 34. e6
Nxh3 35. f6+ Kf8 36. exd7 Nxf2 37. dxe8=Q+ Kxe8 38. g5 0-1

[Event "4NCL/Div2b/WES1 vs. CELT1"]
[Site "Hinckley Island ENG"]
[Date "2009.03.21"]
[Round "7.3"]
[White "Lock, Gavin R"]
[Black "Hoffmann, Hendrik"]
[Result "1/2-1/2"]
[WhiteElo "2243"]
[BlackElo "2211"]
[PlyCount "82"]
[EventDate "2009.03.21"]
[SourceDate "2008.10.04"]

1. Nf3 Nf6 2. c4 c5 3. Nc3 Nc6 4. g3 g6 5. Bg2 Bg7 6. d4 cxd4 7. Nxd4 Nxd4 8.
Qxd4 O-O 9. O-O d6 10. Qd3 Qa5 11. h3 Bf5 12. e4 Be6 13. Bd2 Rfc8 14. b3 Qd8
15. f4 a6 16. Rac1 Rab8 17. Kh1 Nd7 18. Qe2 Nc5 19. f5 Bd7 20. Qf3 Be8 21. Nd5
Nd7 22. Bg5 f6 23. Be3 Nc5 24. Bxc5 Rxc5 25. b4 Rcc8 26. Qe3 b6 27. h4 Bf7 28.
Bh3 gxf5 29. exf5 Rxc4 30. Rxc4 Bxd5+ 31. Re4 Bh6 32. Qd4 Bxe4+ 33. Qxe4 Qd7
34. Qc4+ d5 35. Qxa6 Qd6 36. Qd3 d4 37. Rd1 Be3 38. Kh2 Ra8 39. a3 Rc8 40. Bg2
Qe5 41. Qe4 Qxe4 1/2-1/2

[Event "4NCL/Div2b/WES1 vs. CELT1"]
[Site "Hinckley Island ENG"]
[Date "2009.03.21"]
[Round "7.4"]
[White "Pedersen, Carsten"]
[Black "Kawuma, Moses"]
[Result "1-0"]
[WhiteElo "2161"]
[BlackElo "2224"]
[PlyCount "119"]
[EventDate "2009.03.21"]
[SourceDate "2008.10.04"]

1. e4 c5 2. Nc3 Nc6 3. g3 g6 4. Bg2 Bg7 5. d3 h5 6. h3 d6 7. f4 Bd7 8. Nf3 Nd4
9. O-O e6 10. Be3 Ne7 11. Qd2 Qc7 12. Qf2 Nxf3+ 13. Bxf3 f5 14. d4 c4 15. d5
exd5 16. exd5 b5 17. a4 bxa4 18. Nxa4 O-O 19. Nc3 Rfb8 20. Bxa7 Rxb2 21. Bd4
Rab8 22. Bxg7 Kxg7 23. Qd4+ Kf7 24. Ra7 R2b7 25. Rxb7 Qxb7 26. Rb1 Qc8 27. Rxb8
Qxb8 28. Qxc4 Qa7+ 29. Kg2 Qe3 30. Nd1 Qd2+ 31. Nf2 Qa5 32. Qd4 Ng8 33. g4 hxg4
34. hxg4 fxg4 35. Bxg4 Bxg4 36. Nxg4 Qa2 37. Qe4 Qb2 38. Qe6+ Kg7 39. Qxd6
Qxc2+ 40. Kg3 Qc3+ 41. Kh4 Qe1+ 42. Kg5 Qe7+ 43. Qxe7+ Nxe7 44. d6 Nf5 45. d7
Nd4 46. Ne5 Ne6+ 47. Kg4 Nd8 48. Kf3 Kf6 49. Ke4 Ke6 50. Kd4 Kd6 51. Nxg6 Kxd7
52. Ke5 Ke8 53. Kf6 Nf7 54. Ne5 Nd6 55. Ke6 Ne4 56. f5 Ng5+ 57. Kf6 Ne4+ 58.
Kg6 Ke7 59. Ng4 Ke8 60. Nf6+ 1-0

[Event "4NCL/Div2b/WES1 vs. CELT1"]
[Site "Hinckley Island ENG"]
[Date "2009.03.21"]
[Round "7.5"]
[White "Yeo, Michael J"]
[Black "Mueller, Jan"]
[Result "0-1"]
[WhiteElo "2120"]
[BlackElo "2100"]
[PlyCount "110"]
[EventDate "2009.03.21"]
[SourceDate "2008.10.04"]

1. e4 c5 2. Nf3 d6 3. d4 cxd4 4. Nxd4 Nf6 5. Nc3 g6 6. Be3 Bg7 7. f3 O-O 8. Bc4
Nc6 9. Qd2 Bd7 10. h4 h5 11. O-O-O Rc8 12. Bb3 Ne5 13. g4 hxg4 14. h5 Nxh5 15.
Rdg1 Rxc3 16. bxc3 Qc8 17. Kb1 a5 18. a4 b5 19. Bh6 Bf6 20. Bxf8 Kxf8 21. axb5
a4 22. Bxa4 Nc4 23. Qc1 Nb6 24. Bb3 Qxc3 25. Rd1 Bxd4 26. Rxd4 Qxd4 27. fxg4
Bxg4 28. Rf1 Nc4 29. c3 Qxe4+ 30. Bc2 Qe3 31. Qxe3 Nxe3 32. b6 Bc8 33. Re1 Nxc2
34. Kxc2 Nf4 35. Ra1 Nd5 36. Ra8 Nxb6 37. Rb8 f5 38. Rxb6 Kf7 39. Kd2 f4 40.
Ke2 Kf6 41. Kf3 g5 42. Rb8 Bd7 43. Rg8 e5 44. Rf8+ Ke7 45. Rg8 g4+ 46. Kf2 Bf5
47. Rg5 Ke6 48. Rg8 e4 49. Re8+ Kd5 50. Rf8 e3+ 51. Ke2 Ke5 52. Re8+ Be6 53.
Re7 Kf6 54. Re8 Bc4+ 55. Ke1 Kf5 0-1

[Event "4NCL/Div2b/WES1 vs. CELT1"]
[Site "Hinckley Island ENG"]
[Date "2009.03.21"]
[Round "7.6"]
[White "Thomas, Robert K"]
[Black "Jenks, Bruce"]
[Result "1-0"]
[WhiteElo "2156"]
[BlackElo "2134"]
[PlyCount "87"]
[EventDate "2009.03.21"]
[SourceDate "2008.10.04"]

1. d4 Nf6 2. c4 c5 3. d5 b5 4. cxb5 a6 5. b6 d6 6. Nc3 g6 7. a4 Qxb6 8. a5 Qc7
9. h3 Bg7 10. e4 O-O 11. Bc4 e5 12. Nf3 Ne8 13. O-O Qe7 14. Qd3 Nc7 15. Bg5 Qe8
16. Na4 h6 17. Bd2 Nd7 18. b4 Nb5 19. bxc5 Nxc5 20. Nxc5 dxc5 21. Be3 Nd4 22.
Bxd4 cxd4 23. Rfb1 f5 24. Rb6 fxe4 25. Qxe4 Bf5 26. d6+ Kh7 27. Qd5 d3 28. Re1
e4 29. Bxd3 exf3 30. Rxe8 Raxe8 31. Rb1 fxg2 32. d7 Bxd7 33. Qxd7 Rd8 34. Bxg6+
Kxg6 35. Qg4+ Kh7 36. Rb7 Rg8 37. Rb6 Rd4 38. Qf5+ Kh8 39. Qh5 Kh7 40. Rxa6 Ra4
41. Qf5+ Kh8 42. Rg6 Ra2 43. Qd5 Rb2 44. Rxg2 1-0

[Event "4NCL/Div2b/WES1 vs. CELT1"]
[Site "Hinckley Island ENG"]
[Date "2009.03.21"]
[Round "7.7"]
[White "Kawuma, Steven"]
[Black "French, Angus"]
[Result "1-0"]
[WhiteElo "2166"]
[BlackElo "2115"]
[PlyCount "81"]
[EventDate "2009.03.21"]
[SourceDate "2008.10.04"]

1. e4 Nf6 2. e5 Nd5 3. d4 d6 4. exd6 cxd6 5. Nf3 g6 6. c4 Nb6 7. b3 Bg7 8. h3
O-O 9. Be2 Nc6 10. Bb2 d5 11. O-O Re8 12. Na3 Bf5 13. c5 Nd7 14. Rc1 Nb4 15.
Qd2 a5 16. Ba1 Nf6 17. Bb5 Ne4 18. Qe2 Bd7 19. Rfd1 Bh6 20. Bxd7 Qxd7 21. Ne5
Qf5 22. Rb1 Bg5 23. Nb5 Rec8 24. a3 Nc6 25. Ng4 h5 26. Ne3 Qd7 27. Re1 Kg7 28.
Nxd5 Nd2 29. Nb6 Qf5 30. Nxa8 Nxb1 31. Nb6 Rd8 32. d5+ Bf6 33. Bxf6+ exf6 34.
dxc6 bxc6 35. Nd6 Qxc5 36. Nb7 Qxb6 37. Nxd8 Nc3 38. Qe7 Qxb3 39. Ne6+ Kh6 40.
Qxf7 Nd5 41. Qg7# 1-0

[Event "4NCL/Div2b/WES1 vs. CELT1"]
[Site "Hinckley Island ENG"]
[Date "2009.03.21"]
[Round "7.8"]
[White "Owens, Megan"]
[Black "Lazarevic, Ljubica"]
[Result "0-1"]
[WhiteElo "1735"]
[BlackElo "1775"]
[PlyCount "76"]
[EventDate "2009.03.21"]
[SourceDate "2008.10.04"]

1. d4 e6 2. c4 f5 3. Nc3 Bb4 4. Nf3 Bxc3+ 5. bxc3 Nf6 6. g3 b6 7. d5 O-O 8.
dxe6 dxe6 9. Bf4 c5 10. Bg2 Bb7 11. O-O Nbd7 12. Qc2 Qe7 13. Rad1 Be4 14. Qa4
e5 15. Bg5 Rfd8 16. Nh4 Qe6 17. Bxe4 fxe4 18. Ng2 Rf8 19. Bxf6 Nxf6 20. Ne3 Rf7
21. Nd5 Raf8 22. Nxf6+ Rxf6 23. f3 exf3 24. exf3 Rxf3 25. Rxf3 Rxf3 26. Rd8+
Kf7 27. Qxa7+ Kg6 28. Qc7 Rf6 29. Rd7 Qxc4 30. Rxg7+ Kf5 31. Qd7+ Qe6 32. Qxe6+
Kxe6 33. Rxh7 e4 34. Rh4 Kd5 35. c4+ Kd4 36. Rf4 Rxf4 37. gxf4 e3 38. h4 Kd3
0-1

[Event "4NCL/Div2b/SWD2 vs. GUI3"]
[Site "Hinckley Island ENG"]
[Date "2009.03.21"]
[Round "7.1"]
[White "Brown, Alan M"]
[Black "Cooksey, Paul S"]
[Result "0-1"]
[WhiteElo "2115"]
[BlackElo "2292"]
[PlyCount "94"]
[EventDate "2009.03.21"]
[SourceDate "2008.10.04"]

1. Nf3 d5 2. d4 c6 3. c4 Nf6 4. cxd5 cxd5 5. Nc3 Nc6 6. Bf4 Ne4 7. e3 Nxc3 8.
bxc3 g6 9. Bd3 Bg7 10. O-O O-O 11. Rb1 b6 12. c4 dxc4 13. Bxc4 Bb7 14. Qe2 Rc8
15. Rfd1 Qd7 16. Bb5 Qf5 17. Bg3 Na5 18. Bd3 Be4 19. Bxe4 Qxe4 20. Rbc1 Qb7 21.
Be5 Bh6 22. Nd2 Qd5 23. Nb1 Nc4 24. Bg3 b5 25. Nc3 Qb7 26. Rb1 Nxe3 27. fxe3
Rxc3 28. Rxb5 Qa6 29. Bf2 Rfc8 30. Rb2 Qa3 31. h3 Bxe3 32. Bxe3 Rxe3 33. Qf2
Re6 34. Rb3 Qa4 35. Rdb1 Qc4 36. Rb4 Qd5 37. Rb5 Qe4 38. R5b2 a6 39. Rd1 Rd8
40. Rbd2 Rd5 41. Rb2 Kg7 42. Rbd2 h5 43. Qg3 h4 44. Qc3 Qe3+ 45. Qxe3 Rxe3 46.
Kf2 Ra3 47. Rb1 e5 0-1

[Event "4NCL/Div2b/SWD2 vs. GUI3"]
[Site "Hinckley Island ENG"]
[Date "2009.03.21"]
[Round "7.2"]
[White "Thompson, Ian D"]
[Black "Burton, Graham P"]
[Result "1-0"]
[WhiteElo "2261"]
[BlackElo "2061"]
[PlyCount "71"]
[EventDate "2009.03.21"]
[SourceDate "2008.10.04"]

1. c4 e5 2. Nc3 Nc6 3. g3 g6 4. Bg2 Bg7 5. e3 d6 6. Nge2 Nge7 7. O-O O-O 8. d3
Bg4 9. h3 Be6 10. Nd5 Qd7 11. Kh2 f5 12. Rb1 Rae8 13. b4 Nc8 14. b5 Nd8 15. f4
c6 16. bxc6 bxc6 17. Ndc3 e4 18. dxe4 Bxc4 19. Bb2 fxe4 20. Nxe4 Bxb2 21. Rxb2
d5 22. Nd2 Nd6 23. e4 Bxe2 24. Qxe2 Nxe4 25. Nxe4 dxe4 26. Rd1 Qe6 27. Qe3 Nf7
28. Rbd2 Re7 29. Bf1 Rfe8 30. Be2 Qf6 31. Bc4 Kg7 32. Rd4 Nh6 33. g4 Qh4 34.
Kg2 Rb8 35. R4d2 Rbe8 36. Qc3+ 1-0

[Event "4NCL/Div2b/SWD2 vs. GUI3"]
[Site "Hinckley Island ENG"]
[Date "2009.03.21"]
[Round "7.3"]
[White "van Kemenade, Rudy"]
[Black "Richardson, Keith B"]
[Result "0-1"]
[WhiteElo "2020"]
[BlackElo "2198"]
[PlyCount "158"]
[EventDate "2009.03.21"]
[SourceDate "2008.10.04"]

1. d4 g6 2. c4 Bg7 3. Nc3 d6 4. e4 Nf6 5. Nf3 O-O 6. h3 e5 7. d5 Na6 8. Bg5 h6
9. Be3 Nc5 10. Nd2 a5 11. g4 c6 12. Rg1 Bd7 13. Qc2 a4 14. Bxc5 dxc5 15. O-O-O
Ne8 16. dxc6 Bxc6 17. Ndb1 Qg5+ 18. Qd2 Bf6 19. Qxg5 Bxg5+ 20. Kc2 Nc7 21. Nd5
Ne6 22. Nbc3 Nd4+ 23. Kb1 Kg7 24. Bd3 Rh8 25. Be2 Rad8 26. Rdf1 b5 27. cxb5
Nxe2 28. Nxe2 Bxb5 29. Ndc3 Bxe2 30. Nxe2 Rd2 31. Nc3 Rb8 32. Nxa4 Rb4 33. b3
c4 34. Rg3 cxb3 35. axb3 Rxe4 36. Nc3 Rb4 37. Na2 Re4 38. Nc3 Rf4 39. Nd1 Rfd4
40. Nc3 Rb4 41. Na2 Rf4 42. Nc3 e4 43. Nd1 Bf6 44. Re1 Bd4 45. b4 Bxf2 46. Nxf2
Rfxf2 47. Rb3 e3 48. Rbxe3 Rb2+ 49. Kc1 Rxb4 50. R1e2 Rxe2 51. Rxe2 Rb3 52. Rh2
Kf6 53. Rf2+ Kg5 54. Rxf7 Rxh3 55. Rg7 Rg3 56. Kd2 Rxg4 57. Ke3 Rg3+ 58. Kf2
Ra3 59. Kg2 h5 60. Rb7 h4 61. Rb5+ Kg4 62. Rb4+ Kh5 63. Rb5+ g5 64. Rc5 h3+ 65.
Kh2 Kh4 66. Rc4+ g4 67. Rb4 Ra2+ 68. Kg1 Rg2+ 69. Kh1 Re2 70. Ra4 Kg5 71. Ra5+
Kf4 72. Ra4+ Re4 73. Ra3 g3 74. Ra1 Kf3 75. Rf1+ Ke2 76. Rg1 Re3 77. Ra1 Rd3
78. Rf1 Rd1 79. Re1+ Rxe1# 0-1

[Event "4NCL/Div2b/SWD2 vs. GUI3"]
[Site "Hinckley Island ENG"]
[Date "2009.03.21"]
[Round "7.4"]
[White "Granat, Russell G"]
[Black "Davies, G Brian"]
[Result "1/2-1/2"]
[WhiteElo "2257"]
[BlackElo "1833"]
[PlyCount "89"]
[EventDate "2009.03.21"]
[SourceDate "2008.10.04"]

1. e4 d6 2. d4 Nf6 3. Nc3 e5 4. dxe5 dxe5 5. Qxd8+ Kxd8 6. Bc4 Be6 7. Bxe6 fxe6
8. Nge2 Nc6 9. f4 Bd6 10. fxe5 Nxe5 11. Bf4 a6 12. h3 Ke7 13. O-O Rhf8 14. Rae1
h6 15. Nc1 Rad8 16. Bxe5 Bxe5 17. Nd3 Bd4+ 18. Kh2 c5 19. Ne2 c4 20. Ndf4 Be5
21. Kg1 Kf7 22. b3 g5 23. Nh5 Ke7 24. Nxf6 Rxf6 25. bxc4 Rd2 26. Rxf6 Bxf6 27.
Kf1 Rxc2 28. Rb1 Rb2 29. Rxb2 Bxb2 30. Ke1 Kd6 31. Kd2 Kc5 32. Kd3 Kb4 33. Nd4
e5 34. Nc2+ Kc5 35. Ne3 h5 36. g4 hxg4 37. hxg4 Bc1 38. Nc2 b6 39. Kc3 Bf4 40.
Na1 Bg3 41. Nb3+ Kc6 42. a4 Bf2 43. Kd3 Be1 44. Ke2 Bc3 45. Kd3 1/2-1/2

[Event "4NCL/Div2b/KHE vs. WWKS1"]
[Site "Hinckley Island ENG"]
[Date "2009.03.21"]
[Round "7.1"]
[White "Slavin, Alexei"]
[Black "Thomas, Nicholas"]
[Result "1-0"]
[WhiteElo "2261"]
[BlackElo "2313"]
[PlyCount "99"]
[EventDate "2009.03.21"]
[SourceDate "2008.10.04"]

1. d4 e6 2. Nf3 Nf6 3. Bg5 h6 4. Bf4 b6 5. Nbd2 Bb7 6. e3 Nh5 7. Bg3 d6 8. Bd3
Nd7 9. Qe2 Be7 10. e4 Nxg3 11. hxg3 c5 12. c3 a6 13. g4 b5 14. Qe3 Rg8 15. a4
e5 16. dxe5 dxe5 17. axb5 axb5 18. Rxa8 Qxa8 19. Bxb5 Bc6 20. Bxc6 Qxc6 21. O-O
Qe6 22. Ra1 f6 23. Qd3 Kf7 24. Nc4 Rd8 25. Ne3 Nf8 26. Qc4 Qxc4 27. Nxc4 Ne6
28. Kf1 g6 29. g3 Rd7 30. Ke2 Rb7 31. Ne1 Bf8 32. Nc2 Nc7 33. N2e3 Ke6 34. Ra5
Bd6 35. Ra4 Rb8 36. Ra1 Ra8 37. Rxa8 Nxa8 38. Nxd6 Kxd6 39. Nd5 f5 40. gxf5
gxf5 41. f3 c4 42. Ne3 fxe4 43. Nxc4+ Ke6 44. fxe4 Nc7 45. Ne3 Ne8 46. c4 h5
47. Kd3 Nf6 48. b4 Kd6 49. c5+ Kc6 50. Nd5 1-0

[Event "4NCL/Div2b/KHE vs. WWKS1"]
[Site "Hinckley Island ENG"]
[Date "2009.03.21"]
[Round "7.2"]
[White "Hynes, Anthony"]
[Black "Kwiatkowski, Feliks J"]
[Result "0-1"]
[WhiteElo "2243"]
[BlackElo "2224"]
[PlyCount "119"]
[EventDate "2009.03.21"]
[SourceDate "2008.10.04"]

1. e4 c5 2. Nf3 Nc6 3. d4 cxd4 4. Nxd4 Nf6 5. Nc3 e5 6. Ndb5 d6 7. Nd5 Nxd5 8.
exd5 Nb8 9. c4 Be7 10. c5 O-O 11. Bc4 Na6 12. c6 bxc6 13. dxc6 Be6 14. Bd5 Bxd5
15. Qxd5 Nb4 16. Qb3 Nxc6 17. Be3 d5 18. Rc1 d4 19. Rxc6 dxe3 20. fxe3 Rb8 21.
Qc4 a6 22. Nc3 Rxb2 23. O-O Qd2 24. Qe4 Bg5 25. Kh1 Rc2 26. Nd1 Rxa2 27. h3 Ra1
28. Rc2 Qd7 29. Qf3 e4 30. Qh5 h6 31. Qe2 Rd8 32. Nf2 Rxf1+ 33. Qxf1 Bxe3 34.
Nxe4 Qd1 35. Qxd1 Rxd1+ 36. Kh2 Bf4+ 37. g3 Be5 38. Nf2 Rd5 39. Ra2 a5 40. Ng4
Bc3 41. Ra4 Bd4 42. Kg2 f5 43. Nh2 Kf7 44. Nf3 Bf6 45. g4 fxg4 46. hxg4 Ke6 47.
Kg3 Kd6 48. Kf4 Kc6 49. Ke4 Rb5 50. Rc4+ Rc5 51. Nd4+ Kb6 52. Ra4 Rg5 53. Kf3
Rd5 54. Nf5 Kb5 55. Ra2 a4 56. Ne3 Rd3 57. Ke4 Rd4+ 58. Kf3 Kb4 59. Re2 Kb3 60.
Nc2 0-1

[Event "4NCL/Div2b/KHE vs. WWKS1"]
[Site "Hinckley Island ENG"]
[Date "2009.03.21"]
[Round "7.3"]
[White "McMichael, Richard"]
[Black "Mason, Don"]
[Result "1/2-1/2"]
[WhiteElo "2285"]
[BlackElo "2255"]
[PlyCount "40"]
[EventDate "2009.03.21"]
[SourceDate "2008.10.04"]

1. d4 d5 2. Nf3 Nf6 3. e3 c5 4. Bd3 Nc6 5. Nbd2 c4 6. Be2 Bf5 7. Nh4 e6 8. Nxf5
exf5 9. b3 b5 10. a4 a6 11. O-O Bb4 12. Nb1 O-O 13. c3 Bd6 14. Qc2 g6 15. Ba3
cxb3 16. Qxb3 Na5 17. Qa2 Nc4 18. Bxd6 Nxd6 19. Nd2 Nc4 20. Bf3 Rc8 1/2-1/2

[Event "4NCL/Div2b/KHE vs. WWKS1"]
[Site "Hinckley Island ENG"]
[Date "2009.03.21"]
[Round "7.4"]
[White "James, Russell A"]
[Black "Thomas, Richard H"]
[Result "1/2-1/2"]
[WhiteElo "2233"]
[BlackElo "2194"]
[PlyCount "28"]
[EventDate "2009.03.21"]
[SourceDate "2008.10.04"]

1. b3 c5 2. Bb2 Nc6 3. e3 Nf6 4. Nf3 e6 5. c4 Be7 6. Be2 O-O 7. O-O d5 8. d4
cxd4 9. Nxd4 Nxd4 10. Qxd4 dxc4 11. Bxc4 Qxd4 12. Bxd4 Bd7 13. Nc3 Bc6 14. Rad1
Rfd8 1/2-1/2

[Event "4NCL/Div2b/KHE vs. WWKS1"]
[Site "Hinckley Island ENG"]
[Date "2009.03.21"]
[Round "7.5"]
[White "Wittmann, Jochen"]
[Black "Pitcher, John"]
[Result "1/2-1/2"]
[WhiteElo "2190"]
[BlackElo "2183"]
[PlyCount "29"]
[EventDate "2009.03.21"]
[SourceDate "2008.10.04"]

1. f4 c5 2. Nf3 Nc6 3. g3 g6 4. Bg2 Bg7 5. Nc3 d6 6. O-O f5 7. e4 Nf6 8. d3 O-O
9. Kh1 e5 10. fxe5 dxe5 11. Be3 Qd6 12. exf5 gxf5 13. Qd2 Bd7 14. Rae1 Kh8 15.
Bh6 1/2-1/2

[Event "4NCL/Div2b/KHE vs. WWKS1"]
[Site "Hinckley Island ENG"]
[Date "2009.03.21"]
[Round "7.6"]
[White "Shephard, Chris C W"]
[Black "Ward, Julian T"]
[Result "1/2-1/2"]
[WhiteElo "2214"]
[BlackElo "2190"]
[PlyCount "47"]
[EventDate "2009.03.21"]
[SourceDate "2008.10.04"]

1. c4 Nf6 2. Nc3 d5 3. cxd5 Nxd5 4. Nf3 g6 5. Qa4+ c6 6. Qd4 Rg8 7. Qa4 Bg7 8.
d4 Bg4 9. e3 Nb6 10. Qa5 N8d7 11. Be2 e5 12. O-O Qe7 13. dxe5 Bxf3 14. e6 Qxe6
15. Bxf3 Be5 16. Ne2 Bc7 17. Nd4 Qd6 18. g3 h5 19. b3 Nc4 20. Qc3 Nce5 21. Bg2
O-O-O 22. a4 Qc5 23. Qxc5 Nxc5 24. Ba3 1/2-1/2

[Event "4NCL/Div2b/KHE vs. WWKS1"]
[Site "Hinckley Island ENG"]
[Date "2009.03.21"]
[Round "7.7"]
[White "Forbes, Cathy"]
[Black "Baruch, Andrew J D"]
[Result "0-1"]
[WhiteElo "2114"]
[BlackElo "2081"]
[PlyCount "58"]
[EventDate "2009.03.21"]
[SourceDate "2008.10.04"]

1. d4 g6 2. Nf3 Bg7 3. e4 d6 4. h3 Nf6 5. Bd3 O-O 6. O-O Nc6 7. c3 e5 8. dxe5
dxe5 9. Bg5 h6 10. Bh4 g5 11. Bg3 Nh5 12. Bh2 Nf4 13. Bxf4 exf4 14. a4 h5 15.
Bc2 g4 16. Qxd8 Rxd8 17. hxg4 hxg4 18. Nh4 Bf6 19. g3 Bxh4 20. gxh4 Ne5 21. Kg2
b6 22. Na3 Bb7 23. Rfd1 a6 24. Rd4 Nf3 25. Rc4 c5 26. a5 Nxh4+ 27. Kh1 Rd2 28.
Rd1 Rxf2 29. axb6 Nf3 0-1

[Event "4NCL/Div2b/KHE vs. WWKS1"]
[Site "Hinckley Island ENG"]
[Date "2009.03.21"]
[Round "7.8"]
[White "Clarke, Brandon"]
[Black "Stevenson, James A B"]
[Result "1-0"]
[WhiteElo "2001"]
[BlackElo "2087"]
[PlyCount "105"]
[EventDate "2009.03.21"]
[SourceDate "2008.10.04"]

1. e4 Nf6 2. e5 Nd5 3. c4 Nb6 4. d4 d6 5. exd6 exd6 6. Bd3 Nc6 7. Ne2 Be7 8.
Nbc3 Bg4 9. f3 Bh5 10. O-O Bg6 11. b3 O-O 12. Be3 d5 13. c5 Nc8 14. Nf4 Bxc5
15. Bxg6 hxg6 16. dxc5 d4 17. Nb5 dxe3 18. Qxd8 Rxd8 19. Nxc7 Rb8 20. Nfd5 N8e7
21. Nxe3 a6 22. Rad1 Nd4 23. Kf2 g5 24. Rd2 Rbc8 25. Ncd5 Nxd5 26. Rxd4 Nf4 27.
Rxd8+ Rxd8 28. Rd1 Rxd1 29. Nxd1 Nd3+ 30. Ke3 Nxc5 31. Kd4 Ne6+ 32. Ke5 Kf8 33.
Kd6 Ke8 34. Ne3 Kd8 35. Nc4 Nc7 36. Ne5 Ne8+ 37. Kc5 f6 38. Nc4 Kc7 39. a4 g6
40. Nb6 f5 41. Nd5+ Kd7 42. Kb6 Nd6 43. Ne3 Kc8 44. Nc4 Nf7 45. a5 Kb8 46. Kc5
Kc7 47. Kd5 Kd7 48. Ne5+ Nxe5 49. Kxe5 Ke7 50. g4 f4 51. b4 Kf7 52. Kd6 Kf6 53.
h3 1-0

[Event "4NCL/Div2b/FCA1 vs. CHEDP"]
[Site "Hinckley Island ENG"]
[Date "2009.03.21"]
[Round "7.1"]
[White "Tippleston, Charles"]
[Black "Arkell, Keith"]
[Result "0-1"]
[WhiteElo "2170"]
[BlackElo "2510"]
[PlyCount "90"]
[EventDate "2009.03.21"]
[SourceDate "2008.10.04"]

1. Nf3 d5 2. b3 Nc6 3. Bb2 Bg4 4. e3 e5 5. h3 Bxf3 6. Qxf3 a6 7. d3 Nf6 8. Nd2
Bb4 9. O-O-O Qe7 10. Kb1 Ba3 11. c3 Bxb2 12. Kxb2 a5 13. a4 O-O 14. d4 Rfb8 15.
Ra1 Nd8 16. dxe5 Qxe5 17. Qd1 Ne6 18. Nf3 Qd6 19. Nd4 Ne4 20. Qc2 Nxd4 21. exd4
c5 22. dxc5 Qxc5 23. Bd3 Nf6 24. Rad1 Rc8 25. Bf5 Rc7 26. Rd4 g6 27. Bd3 Rac8
28. Rc1 Qb6 29. Rf4 Nd7 30. Qd2 Nc5 31. Qd1 Ne6 32. Rf3 d4 33. c4 Nc5 34. Ka2
Re7 35. Rb1 Rce8 36. Rb2 Re1 37. Qd2 Na6 38. Rb1 Nb4+ 39. Ka1 Nxd3 40. Rxd3
R1e2 41. Qc1 Qc5 42. Rd2 Rxd2 43. Qxd2 d3 44. Rd1 Re2 45. Qc1 Rc2 0-1

[Event "4NCL/Div2b/FCA1 vs. CHEDP"]
[Site "Hinckley Island ENG"]
[Date "2009.03.21"]
[Round "7.2"]
[White "Grooten, Herman"]
[Black "Almond, Richard"]
[Result "1-0"]
[WhiteElo "2347"]
[BlackElo "2126"]
[PlyCount "65"]
[EventDate "2009.03.21"]
[SourceDate "2008.10.04"]

1. d4 d5 2. c4 e6 3. Nc3 Nf6 4. cxd5 exd5 5. Bg5 Be7 6. e3 O-O 7. Qc2 Re8 8.
Bd3 Nbd7 9. Nge2 Nf8 10. h3 c6 11. O-O-O b5 12. g4 a5 13. Ng3 a4 14. Kb1 Qa5
15. Nce2 Ra6 16. Bf4 c5 17. dxc5 Rc6 18. g5 Rxc5 19. gxf6 Rxc2 20. fxe7 Rc6 21.
Nd4 Rf6 22. exf8=Q+ Rxf8 23. Nh5 Ra6 24. Bxb5 Ra7 25. Rhg1 f6 26. Bd6 Rd8 27.
Ba3 Qb6 28. Rc1 Rb7 29. Rc6 Qa7 30. Rxf6 Kh8 31. Rf4 Qb6 32. Bxa4 Qa5 33. Nc6
1-0

[Event "4NCL/Div2b/FCA1 vs. CHEDP"]
[Site "Hinckley Island ENG"]
[Date "2009.03.21"]
[Round "7.3"]
[White "Reuben, Stewart"]
[Black "Bellin, Robert"]
[Result "1/2-1/2"]
[WhiteElo "2113"]
[BlackElo "2389"]
[PlyCount "68"]
[EventDate "2009.03.21"]
[SourceDate "2008.10.04"]

1. c4 e6 2. Nc3 b6 3. e4 c5 4. Nf3 Bb7 5. d4 cxd4 6. Nxd4 a6 7. Be2 d6 8. O-O
Nf6 9. Qc2 Nbd7 10. b3 Rc8 11. Ba3 Be7 12. Rfd1 O-O 13. Rac1 b5 14. cxb5 axb5
15. Ndxb5 Nxe4 16. Qd3 Ndc5 17. Qe3 d5 18. Nxe4 Nxe4 19. Rxc8 Bxc8 20. Bxe7
Qxe7 21. f3 Nf6 22. Rc1 Ba6 23. Qc5 Qd7 24. Qb6 Bxb5 25. Bxb5 Qe7 26. Qc5 Qd8
27. a4 Nh5 28. b4 Nf4 29. a5 Qg5 30. Bf1 e5 31. a6 d4 32. a7 Nh3+ 33. Kh1 Nf2+
34. Kg1 Nh3+ 1/2-1/2